[Event "18th American Continental"]
[Site "Foz do Iguacu BRA"]
[Date "2025.05.28"]
[Round "8.62"]
[White "Librelato, Kathie Goulart"]
[Black "Montevilla C., Elias Alejandro"]
[Result "0-1"]
[WhiteTitle "WIM"]
[WhiteElo "2138"]
[BlackElo "1769"]
[WhiteFideId "2153963"]
[BlackFideId "3322211"]
[EventDate "2025.05.23"]

1. e4 e5 2. Nf3 Nc6 3. Bb5 a6 4. Ba4 Nge7 5. c3 Ng6 6. d4 exd4 7. cxd4 Bb4+ 8.
Nc3 d5 9. exd5 Bxc3+ 10. bxc3 Qxd5 11. O-O O-O 12. h3 Bf5 13. Qb3 Qxb3 14. Bxb3
Na5 15. Re1 Nxb3 16. axb3 Rfe8 17. Ba3 Nf4 18. Kh2 Bc2 19. Ne5 f6 20. Nc4 Bxb3
21. Na5 Bd5 22. c4 Bxg2 23. d5 b6 24. Nc6 Bxh3 25. Rxe8+ Rxe8 26. Bc1 Nd3 27.
Kxh3 Re1 28. Bb2 Nxf2+ 29. Kg2 Rxa1 30. Bxa1 Ne4 31. Bd4 Kf7 32. Be3 b5 33. cxb5
axb5 34. Bf4 Ke8 35. Bxc7 Kd7 36. Bb8 Nc3 37. Nb4 g5 38. Kf3 f5 39. Be5 Nxd5 40.
Nxd5 Ke6 41. Nc7+ Kxe5 42. Nxb5 h5 43. Na3 g4+ 44. Kg3 f4+ 45. Kh4 g3 46. Nc4+
Kd4 47. Nd2 Ke3 48. Nc4+ Kf2 49. Ne5 g2 50. Nd3+ Ke3 51. Nxf4 Kxf4 0-1

[Event "18th American Continental"]
[Site "Foz do Iguacu BRA"]
[Date "2025.05.28"]
[Round "8.63"]
[White "Sanchez Tobar, Francisca Valenti"]
[Black "Aguinaga, Maximiliano"]
[Result "1-0"]
[WhiteTitle "WFM"]
[WhiteElo "1964"]
[BlackElo "2226"]
[WhiteFideId "3431304"]
[BlackFideId "119300"]
[EventDate "2025.05.23"]

1. e4 c5 2. Nf3 d6 3. Bb5+ Nd7 4. a4 a6 5. Bc4 Ngf6 6. Nc3 g6 7. a5 Bg7 8. Bxf7+
Kxf7 9. Ng5+ Kg8 10. Ne6 Qe8 11. Nc7 Qf7 12. Nxa8 Ne5 13. Nb6 Bg4 14. f3 Be6 15.
d3 h6 16. O-O g5 17. Ne2 Qh5 18. d4 cxd4 19. Nxd4 Bf7 20. Nf5 Bf8 21. b3 Bg6 22.
Nd5 Nxd5 23. Qxd5+ Bf7 24. Qxb7 e6 25. Ng3 Qh4 26. Be3 Ng6 27. Qxa6 Bg7 28. Rad1
Be5 29. Bf2 Nf4 30. Rfe1 g4 31. fxg4 h5 32. Nf1 Qxg4 33. Bg3 h4 34. Bxf4 Qxf4
35. Qd3 Bh5 36. Rd2 Rh7 37. Rf2 Qg5 38. a6 Rg7 39. b4 Be8 40. c4 Qd8 41. Qe3 Qc7
42. Rc1 Bg6 43. b5 Qa5 44. Rcc2 Qa1 45. Ra2 Qd1 46. a7 Bd4 47. Qxd4 1-0

[Event "18th American Continental"]
[Site "Foz do Iguacu BRA"]
[Date "2025.05.28"]
[Round "8.64"]
[White "Hernandez Bermudez, Manuela"]
[Black "Nemeth Junior, Henrique"]
[Result "0-1"]
[WhiteTitle "WFM"]
[WhiteElo "1947"]
[BlackElo "2189"]
[WhiteFideId "4483103"]
[BlackFideId "2118815"]
[EventDate "2025.05.23"]

1. e4 c5 2. Nf3 d6 3. d4 cxd4 4. Nxd4 Nf6 5. Nc3 a6 6. h3 e6 7. g4 Nfd7 8. Bg2
b5 9. e5 d5 10. O-O b4 11. Na4 Nb6 12. Nxb6 Qxb6 13. c4 bxc3 14. bxc3 Bc5 15.
Ba3 O-O 16. Rb1 Qc7 17. Bxc5 Qxc5 18. Qd2 Nd7 19. f4 Nb6 20. f5 Nc4 21. Qf4 exf5
22. gxf5 f6 23. e6 Ra7 24. Kh1 Ne5 25. Qg3 Rc7 26. Rfc1 Re8 27. Bf1 Bb7 28. Be2
Rec8 29. Qg1 Qa5 30. a4 Ba8 31. Rb4 Qxb4 32. cxb4 Rxc1 33. Bf1 Nc6 34. Ne2 Rb1
35. Nc3 Rc1 36. Ne2 Ra1 37. b5 axb5 38. axb5 Ne5 39. Kg2 d4+ 40. Kg3 Ra3+ 41.
Kf2 Rf3+ 42. Ke1 d3 43. Nc3 Rxc3 44. Qa7 Rc1+ 45. Kd2 Rc2+ 46. Ke1 d2+ 47. Ke2
Rf2+ 0-1

[Event "18th American Continental"]
[Site "Foz do Iguacu BRA"]
[Date "2025.05.28"]
[Round "8.65"]
[White "Nunes, Agatha Hurba"]
[Black "Cantero, Rodolfo"]
[Result "0-1"]
[WhiteTitle "WFM"]
[BlackTitle "CM"]
[WhiteElo "1947"]
[BlackElo "2179"]
[WhiteFideId "2114852"]
[BlackFideId "3703762"]
[EventDate "2025.05.23"]

1. c4 Nf6 2. d4 e6 3. Nf3 d5 4. cxd5 exd5 5. Nc3 c6 6. Bg5 h6 7. Bh4 Bf5 8. e3
Be7 9. Bd3 Bxd3 10. Qxd3 Nbd7 11. O-O O-O 12. a3 a5 13. Rab1 a4 14. Qc2 Qa5 15.
h3 Rfe8 16. Bg3 Qa7 17. Rfc1 Bf8 18. Ne1 Nb6 19. Qd1 Nc4 20. Nd3 b5 21. Ne5 Re6
22. Nxc4 bxc4 23. Rc2 Ne4 24. Nxe4 Rxe4 25. Qd2 Re6 26. Be5 f6 27. Bg3 g6 28. f3
f5 29. Be5 Bg7 30. f4 Re7 31. Kh2 Bxe5 32. fxe5 Rf8 33. Rf1 Kg7 34. Qb4 c5 35.
Qd2 Qb6 36. Rd1 cxd4 37. Qxd4 Qxd4 38. Rxd4 Rxe5 39. Rcd2 Rxe3 40. Rxd5 f4 41.
Rc5 f3 42. Rc7+ Rf7 43. Rxf7+ Kxf7 44. Rf2 Ke6 45. gxf3 Ke5 46. Kg3 Kd4 47. Rc2
Rb3 48. Kf2 Kd3 49. Re2 Rb5 50. Re3+ Kc2 51. Rc3+ Kxb2 52. Rxc4 Kxa3 53. Rc6 g5
54. Rxh6 Kb2 55. h4 gxh4 56. Rxh4 a3 57. Ke3 Rb3+ 58. Kd2 a2 59. Rh1 a1=Q 60.
Rxa1 Kxa1 0-1

[Event "18th American Continental"]
[Site "Foz do Iguacu BRA"]
[Date "2025.05.28"]
[Round "8.66"]
[White "Almeida Junior, Alvaro Alves de"]
[Black "Cezar, Ricardo De Almeida"]
[Result "1-0"]
[WhiteElo "2179"]
[BlackElo "1962"]
[WhiteFideId "2149974"]
[BlackFideId "2172968"]
[EventDate "2025.05.23"]

1. e4 c6 2. c4 d5 3. exd5 cxd5 4. cxd5 Nf6 5. Qa4+ Nbd7 6. Nc3 g6 7. Nf3 Bg7 8.
Bc4 O-O 9. O-O Nb6 10. Qb3 Nxc4 11. Qxc4 b6 12. Ne5 Bb7 13. Nc6 Qd6 14. d3 Bxc6
15. dxc6 Rfc8 16. Re1 Rxc6 17. Qa4 e6 18. Bf4 Qd7 19. Be5 Rcc8 20. Qh4 Nd5 21.
Bxg7 Kxg7 22. Ne4 Qe7 23. Qg3 Qc7 24. Qh3 Nf4 25. Qh4 Nd5 26. Ng5 h6 27. Qd4+
Nf6 28. Nf3 Qc5 29. Qa4 Qc2 30. b3 Qxd3 31. Rad1 Qc3 32. h4 Rc5 33. Re3 Qa5 34.
Qf4 Qxa2 35. Ne5 Rac8 36. Rf3 1-0

[Event "18th American Continental"]
[Site "Foz do Iguacu BRA"]
[Date "2025.05.28"]
[Round "8.67"]
[White "Alboredo, Julia"]
[Black "De Oliveira, Jairo Quintiliano"]
[Result "1-0"]
[WhiteTitle "FM"]
[WhiteElo "2165"]
[BlackElo "1942"]
[WhiteFideId "2124807"]
[BlackFideId "22792503"]
[EventDate "2025.05.23"]

1. e4 c5 2. Nf3 Nc6 3. Bb5 Nf6 4. Bxc6 dxc6 5. d3 g6 6. O-O Bg7 7. h3 O-O 8. Nc3
Ne8 9. Be3 b6 10. Qd2 e5 11. Nh2 Nc7 12. f4 exf4 13. Bxf4 Ne6 14. Bh6 Bxh6 15.
Qxh6 Qg5 16. Qxg5 Nxg5 17. Rf6 Bd7 18. Raf1 h5 19. h4 Nh7 20. Rd6 Rfd8 21. e5
Rac8 22. a4 Bf5 23. Rxd8+ Rxd8 24. b3 Re8 25. Re1 f6 26. a5 b5 27. Nf3 Kf7 28.
Kf2 Nf8 29. exf6 Rxe1 30. Kxe1 Kxf6 31. Ng5 Ne6 32. Nxe6 Kxe6 33. Ne2 Kd5 34.
Kd2 Ke5 35. Ke3 Be6 36. Nf4 Bf7 37. Nh3 Kf5 38. Nf2 Bd5 39. g3 a6 40. c4 Bg2 41.
Nd1 Bf1 42. Nf2 Bg2 43. Kd2 Ke5 44. Ke3 Kf5 45. d4 bxc4 46. bxc4 Bf1 47. dxc5
Bxc4 48. Kd4 Be2 49. Ke3 Bf1 50. Ne4 Ke5 51. Nd6 Kd5 52. Nb7 Kc4 53. Ke4 Bd3+
54. Ke5 Kb5 55. Kf6 Bc2 56. Kg5 Bb1 57. Kf4 Kc4 58. Ke5 Kb5 59. Kd6 Be4 60. Kc7
Bg2 61. Kd6 Bf3 62. Nd8 Bg2 63. Nb7 Bf3 64. Ke5 Kc4 65. Kf6 Bg4 66. Kxg6 Kd5 67.
Kg5 Be2 68. Kf4 Bg4 69. Ke3 Bc8 70. Nd6 Be6 71. Ne4 Bf5 72. Nf6+ Kxc5 73. Nxh5
Kb4 74. Nf6 c5 75. g4 Bb1 76. g5 c4 77. Kd2 1-0

[Event "18th American Continental"]
[Site "Foz do Iguacu BRA"]
[Date "2025.05.28"]
[Round "8.68"]
[White "Simao, Diogo Roger De Sousa"]
[Black "Dauer, Andre Leonardo"]
[Result "0-1"]
[BlackTitle "CM"]
[WhiteElo "1934"]
[BlackElo "2138"]
[WhiteFideId "2117215"]
[BlackFideId "2126915"]
[EventDate "2025.05.23"]

1. d4 e6 2. Nf3 d5 3. c3 Bd6 4. Bg5 f6 5. Bh4 Ne7 6. Nbd2 Nf5 7. e4 Nxh4 8. Nxh4
O-O 9. g3 c5 10. dxc5 Bxc5 11. Nb3 Bb6 12. Bg2 dxe4 13. Bxe4 f5 14. Bc2 Bd7 15.
Qe2 Qf6 16. O-O-O Bc6 17. Rhe1 Re8 18. f4 Nd7 19. Nf3 Rac8 20. Kb1 h6 21. Nbd4
Bxd4 22. Nxd4 Bd5 23. Ba4 Re7 24. Bxd7 Rxd7 25. Ka1 Rcc7 26. Qe5 Kf7 27. Qe2 Be4
28. Rf1 g6 29. h4 h5 30. Rfe1 a6 31. Nb3 Qe7 32. Rxd7 Rxd7 33. Rd1 Rd6 34. Rd4
e5 35. fxe5 Qxe5 36. Qe3 Rxd4 37. Nxd4 Ke7 38. Qg5+ Qf6 39. Qh6 Kd6 40. Qh7 f4
41. Qg8 fxg3 42. Qb8+ Kd7 0-1

[Event "18th American Continental"]
[Site "Foz do Iguacu BRA"]
[Date "2025.05.28"]
[Round "8.69"]
[White "Pironti, Francisco Ferrari"]
[Black "Morales Flores, Monserrat"]
[Result "1-0"]
[BlackTitle "WCM"]
[WhiteElo "2100"]
[BlackElo "1919"]
[WhiteFideId "22782311"]
[BlackFideId "3412016"]
[EventDate "2025.05.23"]

1. e4 c5 2. Nf3 e6 3. d4 cxd4 4. Nxd4 a6 5. c4 Nf6 6. Nc3 Qc7 7. a3 b6 8. f4 d6
9. Bd3 Nbd7 10. O-O Bb7 11. Qe2 g6 12. f5 e5 13. Ne6 fxe6 14. fxe6 Bg7 15. exd7+
Qxd7 16. Be3 Qc7 17. Nd5 Bxd5 18. cxd5 b5 19. Rac1 Qd7 20. Rc6 O-O 21. Rfc1 Qg4
22. Qxg4 Nxg4 23. Bg5 Bf6 24. Bd2 Bh4 25. g3 Be7 26. Rf1 Rxf1+ 27. Bxf1 Rf8 28.
h3 Nf6 29. Bd3 Nd7 30. Bb4 Rf3 31. Bf1 Bg5 32. Kg2 Rb3 33. Bc3 Nc5 34. Be2 Be7
35. Bd1 Rxc3 36. bxc3 Kf7 37. Kf3 h5 38. Be2 g5 39. Ke3 h4 40. g4 Ke8 41. c4
bxc4 42. Bxc4 a5 43. Bd3 Kd8 44. Kd2 Kd7 45. Kc3 Bd8 46. Kc4 Bc7 47. Bc2 a4 48.
Kb5 Kd8 49. Bxa4 Nxe4 50. Bc2 Nf2 51. Rc3 e4 52. Re3 Bb8 53. Kb6 Bc7+ 54. Kb7
Ba5 55. Bxe4 Nd1 56. Rb3 Nc3 57. Bg2 Na4 58. Kc6 Nc5 59. Rf3 Nd7 60. Rf5 Bd2 61.
Kxd6 Be3 62. Kc6 Bf4 63. a4 Ne5+ 64. Kb6 Ke7 65. a5 Nf7 66. Rxf4 gxf4 67. a6 1-0

[Event "18th American Continental"]
[Site "Foz do Iguacu BRA"]
[Date "2025.05.28"]
[Round "8.70"]
[White "Gonzalez Culi, Diego"]
[Black "Bulhoes, Benicio Rocha"]
[Result "1-0"]
[WhiteElo "2099"]
[BlackElo "1918"]
[WhiteFideId "3409520"]
[BlackFideId "44704879"]
[EventDate "2025.05.23"]

1. d4 Nf6 2. c4 g6 3. Nc3 d5 4. Nf3 Bg7 5. e3 O-O 6. Qb3 dxc4 7. Bxc4 Nc6 8. Be2
Na5 9. Qa3 b6 10. b4 Nb7 11. b5 Nd6 12. O-O Nd7 13. Bb2 Bb7 14. Rfd1 c6 15. bxc6
Bxc6 16. Rac1 Bb7 17. Qb3 a6 18. Ba3 h6 19. Nd5 Bxd5 20. Qxd5 b5 21. Bxd6 Nb6
22. Qc5 exd6 23. Qa3 Qd7 24. Qa5 Qb7 25. Qb4 Rfd8 26. Nd2 Bf8 27. Nb3 d5 28. Nc5
Qa7 29. Qb3 Nc4 30. Nd3 Rab8 31. Bf3 Ba3 32. Rc2 a5 33. Nf4 a4 34. Qd3 b4 35.
Rb1 Nb6 36. Rc6 Qd7 37. Nxg6 fxg6 38. Qxg6+ Qg7 39. Rxb6 Qxg6 40. Rxg6+ Kh7 41.
Ra6 b3 42. axb3 axb3 43. Rxa3 Rdc8 44. Bxd5 b2 45. Be4+ Kg7 46. g3 Rc1+ 47. Kg2 1-0

[Event "18th American Continental"]
[Site "Foz do Iguacu BRA"]
[Date "2025.05.28"]
[Round "8.71"]
[White "Prata, Paulo Roberto Santos"]
[Black "Pessoa, Marcio de Souza"]
[Result "1-0"]
[WhiteElo "2091"]
[BlackElo "1912"]
[WhiteFideId "2185806"]
[BlackFideId "2127180"]
[EventDate "2025.05.23"]

1. e4 c6 2. d4 d5 3. exd5 cxd5 4. c4 Nf6 5. Nc3 Nc6 6. Nf3 Bg4 7. cxd5 Nxd5 8.
Bc4 e6 9. O-O Be7 10. Be3 Nxe3 11. fxe3 O-O 12. Kh1 e5 13. d5 Na5 14. Be2 Bxf3
15. Rxf3 Rc8 16. e4 Nc4 17. Bxc4 Rxc4 18. Rf5 g6 19. Rf3 Bb4 20. Qd3 Rd4 21. Qe3
Qa5 22. Raf1 Rc4 23. Qh6 Rc7 24. d6 Rd7 25. Nd5 f5 26. Ne7+ Rxe7 27. dxe7 Bxe7
28. exf5 Qa6 29. g4 Qc6 30. Qh3 g5 31. Qg2 Bf6 32. Rb3 Qxg2+ 33. Kxg2 Rf7 34.
Rd1 e4 35. Re1 Re7 36. Rb4 e3 37. Kf3 a5 38. Re4 Rc7 39. R1xe3 Bxb2 40. Re7 Rxe7
41. Rxe7 b6 42. Rb7 Bd4 43. Ke4 Bc5 44. f6 h6 45. Kf5 a4 46. Kg6 1-0

[Event "18th American Continental"]
[Site "Foz do Iguacu BRA"]
[Date "2025.05.28"]
[Round "8.72"]
[White "Oviedo Acosta, Paula"]
[Black "Carcamo, Matias"]
[Result "1/2-1/2"]
[WhiteTitle "WFM"]
[WhiteElo "1920"]
[BlackElo "2077"]
[WhiteFideId "3704394"]
[BlackFideId "115541"]
[EventDate "2025.05.23"]

1. e4 e5 2. Bc4 Nf6 3. d3 c6 4. Nf3 d5 5. Bb3 Bg4 6. Nbd2 Nbd7 7. O-O Bd6 8. Re1
O-O 9. c3 Re8 10. Nf1 h6 11. Ng3 a5 12. a4 Nc5 13. Bc2 Qc7 14. h3 Be6 15. Nh4
Rad8 16. Qf3 Nh7 17. Nhf5 Bf8 18. Nh5 dxe4 19. dxe4 Kh8 20. Nhg3 Bb3 21. Ne3 Ng5
22. Qh5 g6 23. Qe2 Nge6 24. Qf3 Nf4 25. Rd1 Rxd1+ 26. Bxd1 Rd8 27. Bxb3 Nxb3 28.
Rb1 Qd7 29. Nef1 Ne6 30. Be3 c5 31. Nh2 Ng5 32. Bxg5 hxg5 33. Qf6+ Bg7 34. Qxg5
Qd3 35. Re1 Qd2 36. Qxd2 Rxd2 37. Re2 Rd1+ 38. Ngf1 Bh6 39. g3 Nc1 40. Rc2 Nd3
41. Ng4 Bc1 42. b4 cxb4 43. cxb4 axb4 44. Rc7 b3 45. Rxf7 Kg8 46. Rxb7 Nc5 47.
Rb8+ Kg7 48. Nxe5 Rd4 49. a5 Rxe4 50. Nd3 Nxd3 51. Rxb3 Nb4 52. Rb1 Bg5 53. h4
Be7 54. Kg2 Re2 55. Ra1 Bc5 56. a6 Rxf2+ 57. Kh3 Nxa6 58. Rxa6 Rxf1 59. Rc6 Be7
60. Rc3 Kh6 61. Kg4 Rd1 62. Re3 Bd6 63. Rb3 Bc5 64. Rc3 Rd4+ 65. Kh3 Bd6 66. Rb3
Kg7 67. Rf3 Be5 68. Kg2 Bf6 69. Kh3 Kf7 70. Re3 Rc4 71. Re2 Rc3 72. Kg4 Be7 73.
Rd2 Bb4 74. Rd4 Bc5 75. Rd2 Kf6 76. Rd1 Rc4+ 77. Kh3 Re4 78. Rd5 Be7 79. Rd3 Ke6
80. Rb3 Bd6 81. Rd3 Be5 82. Rf3 Rc4 83. Rf2 Rc3 84. Rg2 Kf5 85. Rf2+ Ke4 86.
Re2+ Kd4 87. Rg2 Ke3 88. Kg4 Rc4+ 89. Kh3 Kf3 90. Ra2 Bc3 91. Ra3 Rc7 92. Ra6
Rg7 93. Ra3 Rc7 94. Ra6 Be5 95. Rxg6 Rc1 96. Kh2 Rc2+ 97. Kh3 Rc1 98. Kh2 Bd4
99. Rg8 Bc5 100. Rg5 Bg1+ 101. Kh3 Be3 102. Rf5+ Ke4 103. Rf7 Bd4 104. Rf4+ Ke3
105. Rf5 Rc3 106. Kg4 Ke4 107. Rf4+ Ke5 108. h5 Be3 109. Rf3 Rc1 110. Rf8 Ke6
111. h6 Rh1 112. Re8+ Kf7 113. Rxe3 Rxh6 114. Ra3 Rb6 115. Kh5 Rb5+ 116. Kh4 Rb6
117. g4 Kg6 1/2-1/2

[Event "18th American Continental"]
[Site "Foz do Iguacu BRA"]
[Date "2025.05.28"]
[Round "8.73"]
[White "Barrera Caicedo, Hubert"]
[Black "Guimaraes, Marcelo Cunha"]
[Result "1/2-1/2"]
[WhiteElo "1910"]
[BlackElo "2064"]
[WhiteFideId "3908062"]
[BlackFideId "2118068"]
[EventDate "2025.05.23"]

1. e4 c5 2. Ne2 Nc6 3. Nbc3 Nf6 4. g3 e6 5. Bg2 Be7 6. O-O O-O 7. d4 cxd4 8.
Nxd4 a6 9. Be3 Qc7 10. a4 d6 11. Nxc6 bxc6 12. a5 Nd7 13. Na4 c5 14. e5 d5 15.
c4 Nxe5 16. cxd5 exd5 17. Qxd5 Be6 18. Qb7 Qxb7 19. Bxb7 Ra7 20. Bg2 Rc7 21.
Rfc1 Nc4 22. Bf4 Ra7 23. Bf1 Nxa5 24. Nxc5 Bxc5 25. Rxa5 Bd4 26. b4 Rfa8 27. Rc6
Bc8 28. Rd6 Bf6 29. Be3 Be7 30. Bxa7 Bxd6 31. Bc5 Bxc5 32. bxc5 Kf8 33. f4 Ke7
34. Kf2 Bb7 35. Ke3 Rc8 36. Kd4 Rd8+ 37. Kc3 Rc8 38. Kb4 Rb8 39. Bc4 f6 40. Kc3
Ra8 41. Kb4 Rb8 42. Ra1 Bd5+ 43. Kc3 Bxc4 44. Kxc4 Ra8 45. Rd1 Rd8 46. Re1+ Kd7
47. Re2 Re8 48. Rd2+ Kc7 49. Rd6 Re2 50. Rxa6 Rxh2 51. Ra7+ Kc6 52. Rxg7 Rc2+
53. Kd4 Rxc5 54. Rxh7 Rd5+ 55. Kc4 Rc5+ 56. Kd3 Rd5+ 57. Ke4 f5+ 58. Kf3 Kd6 59.
Kg2 Ke6 60. Kh3 Rd8 61. Kh4 Rg8 62. Rh6+ Kf7 63. Kh3 Kg7 64. Ra6 Rh8+ 65. Kg2
Rb8 66. Rc6 Ra8 67. Kh2 Rh8+ 68. Kg2 Ra8 69. g4 fxg4 70. Kg3 Ra5 71. Kxg4 Rb5
72. Ra6 Rc5 73. f5 Rc1 74. Ra7+ Kf6 75. Ra6+ Kf7 76. Ra7+ Kf6 77. Ra6+ Kf7 78.
Ra4 Kf6 79. Ra6+ 1/2-1/2

[Event "18th American Continental"]
[Site "Foz do Iguacu BRA"]
[Date "2025.05.28"]
[Round "8.74"]
[White "Cezar Junior, William Carlos"]
[Black "Roselli, Danilo Palomares"]
[Result "1-0"]
[WhiteElo "2048"]
[BlackElo "1885"]
[WhiteFideId "2130769"]
[BlackFideId "2103826"]
[EventDate "2025.05.23"]

1. c4 f5 2. g3 Nf6 3. Bg2 g6 4. Nc3 Bg7 5. d4 d6 6. Nf3 O-O 7. O-O Qe8 8. d5 Na6
9. Nd4 Bd7 10. Rb1 c6 11. dxc6 bxc6 12. b3 Nc5 13. Bb2 e5 14. Nc2 Qe7 15. Qd2 f4
16. Rbd1 Ne8 17. b4 Nb7 18. b5 Rc8 19. bxc6 Rxc6 20. Bxc6 Bxc6 21. Nb4 Qd7 22.
Nxc6 Qxc6 23. Qd5+ Qxd5 24. cxd5 Nc5 25. Ba3 e4 26. Bxc5 Bxc3 27. Bxa7 Nc7 28.
gxf4 Rxf4 29. f3 Nb5 30. Be3 Rh4 31. Bf2 Rh5 32. fxe4 Be5 33. Bg3 Rg5 34. Kh1
Bxg3 35. hxg3 Nc3 36. Rd3 Nxe4 37. Kg2 Nc5 38. Rd4 Re5 39. e4 Kg7 40. a4 Re7 41.
Rc4 Nd3 42. a5 Nc5 43. Rf3 Ra7 44. e5 Rxa5 45. exd6 Ra2+ 46. Kg1 Ra1+ 47. Rf1
Ra5 48. Rf3 Kh6 49. Rf7 Nd3 50. Rd4 Ne5 51. Rf1 Ra7 52. Re4 Nd3 53. Rd1 Nc5 54.
Rc4 Ra5 55. Kf2 Kg5 56. Rxc5 Rxc5 57. d7 Rc2+ 58. Ke1 Kg4 59. d8=Q 1-0

[Event "18th American Continental"]
[Site "Foz do Iguacu BRA"]
[Date "2025.05.28"]
[Round "8.75"]
[White "Montiel Caceres, Helen"]
[Black "Almeida, Luis Eduardo dos Reis"]
[Result "1-0"]
[WhiteTitle "WFM"]
[WhiteElo "1980"]
[BlackElo "1873"]
[WhiteFideId "3707121"]
[BlackFideId "22793410"]
[EventDate "2025.05.23"]

1. Nf3 g6 2. c4 Bg7 3. Nc3 e5 4. g3 Nc6 5. Bg2 Nge7 6. O-O O-O 7. d3 d6 8. Rb1
a5 9. a3 f5 10. Bd2 f4 11. b4 axb4 12. axb4 fxg3 13. hxg3 Nf5 14. Ng5 Nce7 15.
c5 d5 16. e4 dxe4 17. Qb3+ Kh8 18. Bxe4 Nd4 19. Qc4 h6 20. Kg2 hxg5 21. Rh1+ Bh6
22. Rxh6+ Kg7 23. Bxg5 Be6 24. Bxe7 Kxh6 25. Bxd8 Bxc4 26. Bxc7 Ra3 27. Bxe5
Rxc3 28. Rh1+ Kg5 29. f4+ Rxf4 30. gxf4+ Kg4 31. Bxd4 Rc2+ 32. Bf2 1-0

[Event "18th American Continental"]
[Site "Foz do Iguacu BRA"]
[Date "2025.05.28"]
[Round "8.76"]
[White "Raimundo, Airton Carlos Nunes"]
[Black "Pavoni, Felipe Stevanin"]
[Result "1-0"]
[WhiteElo "1975"]
[BlackElo "1868"]
[WhiteFideId "2114526"]
[BlackFideId "2189097"]
[EventDate "2025.05.23"]

1. e4 c5 2. Nc3 d6 3. d4 cxd4 4. Qxd4 Nc6 5. Qd2 g6 6. b3 Bh6 7. f4 f5 8. Bb2
Nf6 9. O-O-O Rf8 10. Nge2 fxe4 11. h3 Qb6 12. g4 g5 13. Nd5 Nxd5 14. Qxd5 Nb4
15. Qxe4 Qc6 16. Qxb4 Qxh1 17. Nd4 Qe4 18. Bb5+ Bd7 19. Bxd7+ Kxd7 20. Qb5+ Kc8
21. f5 Kb8 22. Ne6 Rc8 23. c4 Qc6 24. Qb4 a5 25. Qe1 a4 26. Kb1 axb3 27. axb3
Qa6 28. Rd5 Qa2+ 29. Kc2 Ra6 30. Qb4 Ra8 31. Rb5 Qa6 32. Rb6 Qa7 33. Rxd6 Bf8
34. Rb6 Rc6 35. Rxc6 Qf2+ 36. Qd2 Qxd2+ 37. Kxd2 bxc6 38. Nxf8 h6 39. Ne6 Kc8
40. Kc3 Kd7 41. b4 Kd6 1-0

[Event "18th American Continental"]
[Site "Foz do Iguacu BRA"]
[Date "2025.05.28"]
[Round "8.77"]
[White "Calcada, Henrique Galvan"]
[Black "Medeiros, Thauane Ferreira"]
[Result "0-1"]
[BlackTitle "WFM"]
[WhiteElo "1896"]
[BlackElo "1972"]
[WhiteFideId "22746080"]
[BlackFideId "2134470"]
[EventDate "2025.05.23"]

1. c4 Nf6 2. g3 e6 3. Bg2 d5 4. Nf3 Be7 5. O-O O-O 6. b3 d4 7. e3 c5 8. Ne5 Nfd7
9. exd4 cxd4 10. Nxd7 Qxd7 11. d3 Nc6 12. Ba3 e5 13. Re1 Bxa3 14. Nxa3 Qe7 15.
Nc2 Qg5 16. h4 Qg6 17. Bxc6 Qxc6 18. Rxe5 Bh3 19. Re4 f5 20. Nxd4 Qf6 21. Rf4
Rad8 22. Nc2 h6 23. Qd2 g5 24. hxg5 hxg5 25. Rf3 Bg4 26. Re3 f4 27. gxf4 gxf4
28. Rae1 fxe3 29. Rxe3 Bf3 30. Qa5 Rd7 31. Kf1 Rh7 32. Ke1 Rh1+ 33. Kd2 Rd1# 0-1

[Event "18th American Continental"]
[Site "Foz do Iguacu BRA"]
[Date "2025.05.28"]
[Round "8.78"]
[White "Mayeregger Gonzalez, Fiorella Allegra"]
[Black "Calcada, Lucas Galvan"]
[Result "0-1"]
[WhiteTitle "WCM"]
[WhiteElo "1867"]
[BlackElo "1967"]
[WhiteFideId "3708845"]
[BlackFideId "22746099"]
[EventDate "2025.05.23"]

1. e4 e5 2. Nf3 Nc6 3. d4 exd4 4. Nxd4 Bc5 5. Nb3 Bb6 6. Nc3 Nge7 7. Qe2 O-O 8.
Be3 d6 9. O-O-O f5 10. g4 fxg4 11. h3 Ne5 12. Bg2 Bxe3+ 13. fxe3 N7g6 14. Nd5 c6
15. Nb4 g3 16. Nd3 Qg5 17. Rhf1 Be6 18. Nd4 Bc4 19. b3 Bxd3 20. cxd3 Rxf1 21.
Rxf1 Nh4 22. Ne6 Qh6 23. Nf4 g5 24. Nh5 Nxg2 25. Rf6 Ng6 26. Qxg2 Qxh5 27. Qxg3
Rf8 28. Qxd6 Qxh3 29. Rxf8+ Nxf8 30. Qc5 Qf1+ 31. Kd2 Qf6 32. e5 Qf5 33. e4 Qf4+
34. Ke1 g4 35. Qc4+ Qf7 36. d4 g3 37. Ke2 Ne6 38. d5 Qf2+ 39. Kd3 Qf1+ 40. Ke3
g2 0-1

[Event "18th American Continental"]
[Site "Foz do Iguacu BRA"]
[Date "2025.05.28"]
[Round "8.79"]
[White "Medero Mino, Leon"]
[Black "Silverio, Vitor Luis De Jesus"]
[Result "0-1"]
[WhiteElo "1843"]
[BlackElo "2166"]
[WhiteFideId "20027290"]
[BlackFideId "22797289"]
[EventDate "2025.05.23"]

1. e4 c5 2. Nf3 d6 3. Bb5+ Nd7 4. O-O a6 5. Bd3 Ngf6 6. c3 e6 7. Re1 Be7 8. Bc2
O-O 9. d4 cxd4 10. cxd4 b5 11. a3 Bb7 12. Nc3 Rc8 13. Bg5 h6 14. Bf4 Nb6 15. e5
dxe5 16. Nxe5 Nbd5 17. Nxd5 Qxd5 18. Nf3 Qh5 19. Re5 Qg4 20. Bg3 Rfd8 21. h3
Bxf3 22. gxf3 Qxd4 23. Qxd4 Rxd4 24. Bb3 Rd2 25. Rxe6 Rxb2 26. Rxe7 Rxb3 27. Ra7
Rc6 28. Kg2 Nh5 29. Rc7 Rf6 30. Be5 Rfxf3 31. Rc6 Rxa3 32. Rxa6 Rxa6 33. Rxa6
Rf5 34. Bg3 Nxg3 35. Kxg3 Rc5 36. Rb6 Rc3+ 37. f3 Rb3 38. Rb7 h5 39. h4 f6 40.
Kg2 Kh7 41. Kg3 Kg6 42. Kg2 Rb1 43. Kg3 b4 44. Rb5 b3 45. Kg2 b2 46. Rb7 Kf5 47.
Rb8 Kf4 48. Rb7 g6 49. Rb4+ Ke3 50. Rb3+ Kd4 51. Rb8 Ke5 52. Rb4 g5 53. hxg5
fxg5 54. Rb8 h4 55. Re8+ Kd6 56. Rb8 h3+ 57. Kh2 Ke5 58. Rb7 Kd4 59. Rb3 Kc4 60.
Rb8 Kd3 61. Rb7 Ke2 0-1

[Event "18th American Continental"]
[Site "Foz do Iguacu BRA"]
[Date "2025.05.29"]
[Round "9.1"]
[White "Bachmann, Axel"]
[Black "Quesada Perez, Luis Ernesto"]
[Result "1/2-1/2"]
[WhiteTitle "GM"]
[BlackTitle "GM"]
[WhiteElo "2570"]
[BlackElo "2546"]
[WhiteFideId "3700488"]
[BlackFideId "3520773"]
[EventDate "2025.05.23"]

1. e4 c5 2. Nc3 e6 3. Nf3 Nc6 4. g3 e5 5. Bg2 g6 6. d3 Bg7 7. Bg5 f6 8. Be3 d6
9. Nd2 Nge7 10. f4 O-O 11. O-O Be6 12. Nd5 Qd7 13. c3 b6 14. a3 Rae8 15. Qa4 Rd8
16. Nc4 exf4 17. Bxf4 Ne5 18. Qxd7 Rxd7 19. b4 Nxd5 20. exd5 Bf5 21. Bxe5 dxe5
22. Rxf5 gxf5 23. bxc5 bxc5 24. d6 Rfd8 25. Bh3 Bf8 26. Bxf5 Rb7 27. Rf1 Kg7 28.
d7 Rbxd7 29. Bxd7 Rxd7 30. Rf3 Rb7 31. Rf1 Rb3 32. Rc1 Kf7 33. Kf2 Ke6 34. Rc2
h5 35. Ke2 Bh6 36. a4 f5 37. a5 a6 38. Kf3 Kd5 39. Nb6+ Ke6 40. Nc4 Bf8 41. h3
Bg7 42. g4 hxg4+ 43. hxg4 fxg4+ 44. Kxg4 e4 45. dxe4 Rxc3 46. Rxc3 Bxc3 47. Kf4
Bf6 48. Ke3 Bd8 49. Kd3 Bc7 50. Kc3 Bd8 51. Kd3 Bc7 52. Kc3 Bd8 1/2-1/2